<?xml version="1.0" encoding="UTF-8"?>
<collection xmlns="http://www.loc.gov/MARC21/slim">
 <record>
  <leader>01243nam a22002057a 4500</leader>
  <controlfield tag="001">NCT_54984</controlfield>
  <controlfield tag="008">181106b        xxu||||| |||| 00| 0 vie d</controlfield>
  <datafield tag="999" ind1=" " ind2=" ">
   <subfield code="c">2645</subfield>
   <subfield code="d">2645</subfield>
  </datafield>
  <datafield tag="020" ind1=" " ind2=" ">
   <subfield code="c">45000</subfield>
  </datafield>
  <datafield tag="082" ind1="0" ind2="4">
   <subfield code="2">23rd ed.</subfield>
   <subfield code="a">551.483095978</subfield>
   <subfield code="b">T103</subfield>
  </datafield>
  <datafield tag="100" ind1="1" ind2=" ">
   <subfield code="a">Ngô Lực Tải</subfield>
  </datafield>
  <datafield tag="245" ind1="1" ind2="0">
   <subfield code="a">Sông Mêkông hay sông Cửu Long với biến đổi khí hậu toàn cầu</subfield>
   <subfield code="c">Ngô Lực Tải</subfield>
  </datafield>
  <datafield tag="260" ind1=" " ind2=" ">
   <subfield code="a">Tp. Hồ Chí Minh</subfield>
   <subfield code="b">Tổng hợp TP Hồ Chí Minh</subfield>
   <subfield code="c">2017</subfield>
  </datafield>
  <datafield tag="300" ind1=" " ind2=" ">
   <subfield code="a">132 tr.</subfield>
   <subfield code="c">21cm</subfield>
  </datafield>
  <datafield tag="520" ind1="3" ind2=" ">
   <subfield code="a">Sách tập trung làm rõ những nhân tố tác động đến biến đổi khí hậu ở Đồng bằng sông Cửu Long cũng như những hậu quả tiêu cực mà biến đổi khí hậu mang đến cho vùng đồng bằng.</subfield>
  </datafield>
  <datafield tag="653" ind1=" " ind2=" ">
   <subfield code="a">Sách tham khảo</subfield>
  </datafield>
  <datafield tag="942" ind1=" " ind2=" ">
   <subfield code="2">ddc</subfield>
   <subfield code="c">BK</subfield>
  </datafield>
  <datafield tag="952" ind1=" " ind2=" ">
   <subfield code="0">0</subfield>
   <subfield code="1">0</subfield>
   <subfield code="2">ddc</subfield>
   <subfield code="4">0</subfield>
   <subfield code="6">551_483095978000000_T103</subfield>
   <subfield code="7">0</subfield>
   <subfield code="9">14828</subfield>
   <subfield code="a">000001</subfield>
   <subfield code="b">000001</subfield>
   <subfield code="d">2018-11-06</subfield>
   <subfield code="o">551.483095978 T103</subfield>
   <subfield code="p">TK.00467</subfield>
   <subfield code="r">2018-11-06</subfield>
   <subfield code="v">45000.00</subfield>
   <subfield code="w">2018-11-06</subfield>
   <subfield code="y">BK</subfield>
  </datafield>
  <datafield tag="952" ind1=" " ind2=" ">
   <subfield code="0">0</subfield>
   <subfield code="1">0</subfield>
   <subfield code="2">ddc</subfield>
   <subfield code="4">0</subfield>
   <subfield code="6">551_483095978000000_T103</subfield>
   <subfield code="7">0</subfield>
   <subfield code="9">14829</subfield>
   <subfield code="a">000001</subfield>
   <subfield code="b">000001</subfield>
   <subfield code="d">2018-11-06</subfield>
   <subfield code="o">551.483095978 T103</subfield>
   <subfield code="p">TK.00468</subfield>
   <subfield code="r">2018-11-06</subfield>
   <subfield code="v">45000.00</subfield>
   <subfield code="w">2018-11-06</subfield>
   <subfield code="y">BK</subfield>
  </datafield>
  <datafield tag="980" ind1=" " ind2=" ">
   <subfield code="a">Thư viện Trường Đại học Nam Cần Thơ</subfield>
  </datafield>
 </record>
</collection>
